| 000 | 00816nam a2200265 a 4500 | ||
|---|---|---|---|
| 001 | ASIN1588264866 | ||
| 003 | OSt | ||
| 005 | 20170105102909.0 | ||
| 008 | 131025s2006 xxu eng d | ||
| 020 |
_a1588264866 (paperback) _c$22.00 |
||
| 020 | _a9781588264862 (paperback) | ||
| 040 | _a0 | ||
| 050 | 0 | 4 | _aJQ1850.A58 |
| 082 | 0 | 4 |
_a320.9174927 _bPRA 2006 |
| 100 | 1 | _aPratt, Nicola Christine. | |
| 245 | 1 | 0 |
_aDemocracy and authoritarianism in the arab world / _cNicola Christine Pratt. |
| 260 |
_a[S.l.] : _bLynne Rienner Pub, _c2006. |
||
| 300 |
_a236 p. ; _c23 cm. |
||
| 650 | 0 | _aArab countries | |
| 650 | 0 | _aAuthoritarianism | |
| 650 | 0 | _aDemocratization | |
| 650 | 0 | _aPolitical science | |
| 856 | 4 | 0 |
_3Amazon.com _uhttp://www.amazon.com/exec/obidos/ASIN/1588264866/chopaconline-20 |
| 942 |
_2ddc _cBK |
||
| 999 |
_c15011 _d15011 |
||